000 00397nam a22001457a 4500
005 20231102174650.0
008 231016b2013 |||||||| |||| 00| 0 eng d
080 _a320.954
_bLIY
100 _aLiyanaarachchi, Jagath
245 _aThe LLRC Report and good governance
260 _aColombo :
_bNational Peace Council of Sri Lanka,
_c2013
300 _a27p
650 _aGood Governance
942 _cRP
999 _c3891
_d3891